000 00167nam a22000857a 4500
999 _c12445
_d12445
082 _a297.22
100 _aIqbal S. Hussain
245 _aQuran and Modernism
942 _cBK